Немое кино - Армагеддон - Statistics

General Stats
  • This quiz has been taken 8 times
  • The average score is 6 of 15
Answers on the Grid
Answers color-coded by a green-red scale on the quiz's grid according to % correct below.
Пятнадцатилетний капитан
Невеста Франкенштейна
Великий диктатор
Кабинет доктора Калигари
Кинг-Конг
Путёвка в жизнь
Косяковое безумие
Штормовое предупреждение
Незнакомцы в поезде
Малыш
Артист
Певец джаза
Бахчисарайский фонтан
Арсенал
Цирк
Огни большого города
Броненосец "Потёмкин"
Доктор Мабузе, игрок
На Западном фронте без перемен
Время, вперёд!
Барышня и хулиган
Носферату, симфония ужаса
Аэлита
Метрополис
Последняя битва
Завещание доктора Мабузе
Племя
Депутат Балтики
Эта замечательная жизнь
Андалузский пёс
 
Answer Stats
Answer % Correct
Кабинет доктора Калигари
71%
Огни большого города
71%
Носферату, симфония ужаса
71%
Броненосец "Потёмкин"
57%
Метрополис
57%
Малыш
43%
Артист
43%
Арсенал
29%
Барышня и хулиган
29%
Аэлита
29%
Племя
29%
Андалузский пёс
29%
Бахчисарайский фонтан
14%
Доктор Мабузе, игрок
14%
Последняя битва
14%
No matching quizzes found
Score Distribution
Percent of People with Each Score
Percentile by Number Answered
Your Score History
You have not taken this quiz